000 01251cam a2200289 4500
001 ABS64100
008 000000n2001 000 0 eng u
035 _a(Sirsi) u113490
100 _aPearson, A.
245 _aGlazed and confused
260 _c2001
490 _aBuilding
_v266(8188) 15 June 2001, 62-64(3)
520 _aThe amended version of Part L of the Building Regulations, due to come into force in February 2002, will both increase the insulation values for windows by a third and require the calculation of that value in a more stringent way. Warns that few contractors appear aware of the changes, which could in turn lead to an increase in disputes with building control as obsolete windows are supplied to construction sites, and that the effect on the window market could be dramatic as smaller suppliers are pushed out. Diagrams.
590 _aABS
650 _aAPPROVED DOCUMENT L
650 _aBUILDING CONTROL
_96222
650 _aBUILDING REGULATIONS
_96224
650 _aBUILDING REGULATIONS PART L
650 _aDOUBLE GLAZING
650 _aGLAZING
650 _aINSULATION
650 _aPART L
650 _aWINDOWS
650 _aU-VALUES
690 _aBUILT ENVIRONMENT-BUILDING MATERIALS
942 _n0
999 _c67610
_d67610